How to research /
This book is about: Thinking about research; Getting started; Thinking about methods; Reading for research; Managing your project; ...
Сохранить в:
| Главный автор: | |
|---|---|
| Другие авторы: | , |
| Формат: | |
| Язык: | English |
| Опубликовано: |
Buckingham :
Open University Press,
1996.
|
| Предметы: | |
| Метки: |
Добавить метку
Нет меток, Требуется 1-ая метка записи!
|
| Thư viện lưu trữ: | Mạng thư viện Đại học Đà Nẵng |
|---|
| LEADER | 01048cam a2200361 i 4500 | ||
|---|---|---|---|
| 001 | 000048269 | ||
| 003 | 7978 | ||
| 005 | 20030313154934.0 | ||
| 008 | 010322|1996 vm 000 eng | ||
| 020 | |a 0335194524 | ||
| 040 | |a IRC |c IRC |d IRC | ||
| 041 | 0 | |a eng | |
| 082 | 1 | 4 | |a 001.42 |b BL-L |
| 100 | 1 | |a Blaxter, Loraine. | |
| 245 | 0 | 0 | |a How to research / |c Loraine Blaxter, Christina Hughes and Malcolm Tight. |
| 260 | |a Buckingham : |b Open University Press, |c 1996. | ||
| 300 | |a 263 p. ; |c 22.5cm. | ||
| 520 | 3 | |a This book is about: Thinking about research; Getting started; Thinking about methods; Reading for research; Managing your project; ... | |
| 630 | 0 | 4 | |a Research. |
| 630 | 0 | 4 | |a Methodology. |
| 650 | 0 | 4 | |a Research |x Methodology. |
| 700 | 1 | |a Hughes, Christina. | |
| 700 | 1 | |a Tight, Malcolm. | |
| OWN | |a DUT | ||
| 999 | |a From the UDN01 | ||
| TYP | |a Monograph | ||
| TYP | |a Printed language | ||
| 980 | |a Mạng thư viện Đại học Đà Nẵng | ||


